| 000 | 01097nam a2200289 c 4500 | ||
|---|---|---|---|
| 999 |
_c38794 _d38794 |
||
| 003 | BLK | ||
| 005 | 20180426112113.0 | ||
| 008 | 180408b bul|||||r ||||||| ||bul|| | ||
| 010 | _aKNG00042040000 | ||
| 020 | _a3-341-00957-4 | ||
| 040 | _aBLK | ||
| 041 |
_aENG _cENG _hDEU |
||
| 080 |
_aКорозия и защита на материалите от корозия.Вж и 621.357.7; 621.793 _b620.193/.197 _x(038)=111=112.2 _z620.193/.197(038)=111=112.2 |
||
| 080 |
_aРазлични категории думи _b81`373.4 _x=111=112.2:620.193/.197 _z81`373.4=111=112.2:620.193/.197 |
||
| 139 |
_aDictionary _bD 56 |
||
| 245 | 1 | 0 |
_aDictionary _bCorrosion and corrosion control : English-German ; German-English : with about 13 500 entries in each part = Worterbuch : Korrosion und Korrosionsschutz : Engli |
| 250 | _a2. rev. ed. | ||
| 257 | _aDEU | ||
| 260 |
_bTechnik _c1991 _aBerlin |
||
| 300 |
_a400 p. _c21 cm |
||
| 380 | _a62 | ||
| 852 | _aЦб 174451 | ||
| 856 | 4 | _qpdf | |
| 856 | 4 | _qpdf | |
| 942 |
_cKNG _n0 |
||
| 944 |
_aCR _c15.01.2003 _kКети_Илиева |
||
| 944 |
_aED _c24.06.2005 |
||
| 999 | _d38794 | ||